Statistics for Serie A - Coppa Italia Top Scorers

Click here to take the quiz!

General Stats

  • This quiz has been taken 15 times
  • The average score is 6 of 11

Answer Stats

GoalsTeamPlayer% Correct
43UC SampdoriaGianluca Vialli
89%
32Cagliari CalcioGigi Riva
78%
33UC SampdoriaRoberto Mancini
78%
36ACF FiorentinaRoberto Baggio
67%
56FC Internazionale MilanoAlessandro Altobelli
44%
38Torino FCPaolo Pulici
44%
48FC Internazionale MilanoRoberto Boninsegna
44%
30AS RomaRoberto Pruzzo
44%
47Bologna FCGiuseppe Savoldi
33%
36Juventus FCPietro Anastasi
33%
38SS LazioBruno Giordano
22%

Score Distribution

Percentile by Number Answered

Percent of People with Each Score

Your Score History

You have not taken this quiz